Our lady of Lourdes and Marie Bernadette (Record no. 10569)
[ view plain ]
| 000 -LEADER | |
|---|---|
| fixed length control field | 00520nam a22001817a 4500 |
| 003 - CONTROL NUMBER IDENTIFIER | |
| control field | OSt |
| 005 - DATE AND TIME OF LATEST TRANSACTION | |
| control field | 20140310182215.0 |
| 008 - FIXED-LENGTH DATA ELEMENTS--GENERAL INFORMATION | |
| fixed length control field | 130907t xxu||||| |||| 00| 0 eng d |
| 050 ## - LIBRARY OF CONGRESS CALL NUMBER | |
| Classification number | BT 653 |
| Item number | .L896 1985 |
| 082 ## - DEWEY DECIMAL CLASSIFICATION NUMBER | |
| Classification number | HS 231.73 |
| Item number | L94 1985 |
| 100 ## - MAIN ENTRY--PERSONAL NAME | |
| Personal name | Lovasik, Lawrence G. |
| 9 (RLIN) | 17003 |
| 245 ## - TITLE STATEMENT | |
| Title | Our lady of Lourdes and Marie Bernadette |
| Statement of responsibility, etc | Lawrence G. Lovasik |
| 260 ## - PUBLICATION, DISTRIBUTION, ETC. (IMPRINT) | |
| Place of publication, distribution, etc | New York : |
| Name of publisher, distributor, etc | Catholic book publishing, |
| Date of publication, distribution, etc | c1985. |
| 300 ## - PHYSICAL DESCRIPTION | |
| Extent | 32 p. : |
| Other physical details | ill. ; |
| Dimensions | 20 cm. |
| 942 ## - ADDED ENTRY ELEMENTS (KOHA) | |
| Source of classification or shelving scheme | Library of Congress Classification |
| Koha item type | |
| Withdrawn status | Lost status | Source of classification or shelving scheme | Damaged status | Home library | Current library | Shelving location | Date acquired | Total Checkouts | Full call number | Barcode | Date last seen | Date checked out | Copy number | Price effective from | Koha item type |
|---|---|---|---|---|---|---|---|---|---|---|---|---|---|---|---|
| Library of Congress Classification | Luxembourg Library | Luxembourg Library | High School Section | 09/07/2013 | 1 | BT 653 .L896 1985 | 0137 | 04/19/2016 | 08/26/2015 | 1 | 09/07/2013 | Books | |||
| Library of Congress Classification | Luxembourg Library | Luxembourg Library | High School Section | 09/07/2013 | BT 653 .L896 1985 | 0136 | 01/18/2016 | 1 | 09/07/2013 | Books |